[Event "Oberfranken-ch"]
[Site "Kronach"]
[Date "2023.02.26"]
[Round "7"]
[White "Moenius, Alexander"]
[Black "Sabol, Goran"]
[Result "1-0"]
[WhiteElo "1853"]
[BlackElo "1867"]
[PlyCount "134"]
[EventDate "2023.02.23"]
[EventType "swiss"]
[EventRounds "7"]
[EventCountry "GER"]
[SourceTitle "EXT 2024"]
[Source "ChessBase"]
[SourceDate "2023.10.10"]
[SourceVersion "1"]
[SourceVersionDate "2023.10.10"]
[SourceQuality "1"]

1. c4 e6 2. Nf3 Nf6 3. Nc3 b6 4. e4 d6 5. d4 c5 6. dxc5 bxc5 7. e5 Ng4 8. h3 Nh6 9. exd6 Nf5 10. Nb5 Nxd6 11. Bf4 Qa5+ 12. Qd2 Qxd2+ 13. Nxd2 Nxb5 14. cxb5 Nd7 15. Nc4 Bb7 16. Nd6+ Bxd6 17. Bxd6 Bd5 18. b3 Rc8 19. Rc1 h5 20. Bf4 Nb6 21. Be3 c4 22. bxc4 Nxc4 23. Bxa7 Kd7 24. Be2 Nd6 25. 0-0 Bxa2 26. Bd4 Bc4 27. Bxc4 Nxc4 28. Bxg7 Rhg8 29. Bf6 Nb6 30. Ra1 Ra8 31. Kh2 Kc7 32. Be5+ Kb7 33. Rfc1 Nd5 34. Rab1 Ra2 35. Bg3 f5 36. Rd1 Rg6 37. Rbc1 f4 38. Bh4 f3 39. gxf3 Nf4 40. Rg1 Rxg1 41. Rxg1 Kb6 42. Rg5 Nd5 43. Re5 Nf4 44. Bg3 Ra4 45. Bxf4 Rxf4 46. Rxe6+ Kxb5 47. Re5+ Kc6 48. Rxh5 Rxf3 49. Kg2 Ra3 50. Re5 Kd6 51. Re1 Rb3 52. f3 Rb8 53. f4 Rg8+ 54. Kf3 Rh8 55. f5 Rxh3+ 56. Kg4 Rh8 57. f6 Rh2 58. Kg5 Rg2+ 59. Kh6 Rg3 60. f7 Rh3+ 61. Kg7 Rg3+ 62. Kf8 Kd7 63. Rd1+ Kc7 64. Rd4 Rg1 65. Ke7 Re1+ 66. Kf6 Rf1+ 67. Ke6 Kb6 1-0

[Event "Oberfranken-ch"]
[Site "Kronach"]
[Date "2023.02.23"]
[Round "2"]
[White "Wolf, Alfred1111"]
[Black "Sabol, Goran"]
[Result "0-1"]
[WhiteElo "1580"]
[BlackElo "1867"]
[PlyCount "100"]
[EventDate "2023.02.23"]
[EventType "swiss"]
[EventRounds "7"]
[EventCountry "GER"]
[SourceTitle "CBM 213 Extra"]
[Source "ChessBase"]
[SourceDate "2023.05.31"]
[SourceVersion "1"]
[SourceVersionDate "2023.05.31"]
[SourceQuality "1"]

1. e4 c5 2. Nf3 e6 3. d4 cxd4 4. Nxd4 Nc6 5. Bc4 a6 6. 0-0 Qc7 7. Nxc6 bxc6 8. Nc3 Nf6 9. Re1 Be7 10. e5 Nd5 11. Qg4 g6 12. Bh6 d6 13. Bxd5 exd5 14. exd6 Bxg4 15. dxc7 Kd7 16. Bf4 Bd6 17. Bxd6 Kxd6 18. f3 Be6 19. Ne2 Rhc8 20. Nd4 Rxc7 21. Nxe6 fxe6 22. Rad1 e5 23. Re2 Rb7 24. b3 a5 25. Rde1 Re7 26. Rd2 g5 27. Kf2 c5 28. Re4 d4 29. c3 Kd5 30. c4+ Kd6 31. h4 Rg8 32. hxg5 Rxg5 33. Rd1 Rb7 34. Rh4 h5 35. Rd3 a4 36. g4 axb3 37. axb3 hxg4 38. Rh6+ Kc7 39. Rd1 Rxb3 40. Rh7+ Kb6 41. Rh6+ Ka5 42. Ra1+ Kb4 43. Rb6+ Kxc4 44. fxg4 Rxg4 45. Rxb3 Kxb3 46. Kf3 Rf4+ 47. Kg3 Re4 48. Rf1 c4 49. Kf3 Re3+ 50. Kg4 c3 0-1

[Event "EU-ch Amateur U2000"]
[Site "Zagreb"]
[Date "2022.08.21"]
[Round "9"]
[White "Sabol, Goran"]
[Black "Radic, Len"]
[Result "1-0"]
[WhiteElo "1722"]
[BlackElo "1498"]
[PlyCount "85"]
[EventDate "2022.08.14"]
[EventType "swiss"]
[EventRounds "9"]
[EventCountry "CRO"]
[SourceTitle "CBM 210 Extra"]
[Source "ChessBase"]
[SourceDate "2022.11.30"]
[SourceVersion "1"]
[SourceVersionDate "2022.11.30"]
[SourceQuality "1"]

1. d4 e6 2. Nf3 f5 3. g3 Nf6 4. Bg2 Be7 5. Nbd2 0-0 6. b3 d6 7. Bb2 Qe8 8. c4 Ne4 9. Qc2 Qg6 10. Nxe4 fxe4 11. Ng1 d5 12. e3 Nc6 13. a3 a5 14. Nh3 Bd6 15. 0-0 Qh6 16. Nf4 Bxf4 17. exf4 Qf6 18. Rad1 g5 19. Bxe4 dxe4 20. d5 Qg6 21. dxc6 gxf4 22. Rfe1 fxg3 23. fxg3 bxc6 24. Qc3 e5 25. Qxe5 Bf5 26. Qxc7 Rfc8 27. Qe5 Re8 28. Qf4 Rad8 29. Rxd8 Rxd8 30. Rf1 Bh3 31. Re1 Rd3 32. b4 axb4 33. axb4 Rf3 34. Qb8+ Kf7 35. Qc7+ Kg8 36. b5 cxb5 37. cxb5 Rb3 38. Qc4+ Qe6 39. Qd4 Qg6 40. Qe5 h5 41. Ra1 Rd3 42. Ra8+ Kf7 43. Qe8# 1-0

[Event "EU-ch Amateur U2000"]
[Site "Zagreb"]
[Date "2022.08.16"]
[Round "3"]
[White "Moric, Ivan"]
[Black "Sabol, Goran"]
[Result "1-0"]
[WhiteElo "1803"]
[BlackElo "1722"]
[PlyCount "93"]
[EventDate "2022.08.14"]
[EventType "swiss"]
[EventRounds "9"]
[EventCountry "CRO"]
[SourceTitle "CBM 210 Extra"]
[Source "ChessBase"]
[SourceDate "2022.11.30"]
[SourceVersion "1"]
[SourceVersionDate "2022.11.30"]
[SourceQuality "1"]

1. e4 c5 2. Nf3 e6 3. d4 cxd4 4. Nxd4 Nc6 5. Nc3 Qc7 6. Nxc6 bxc6 7. Bd3 Nf6 8. 0-0 Be7 9. f4 d5 10. Qe2 a5 11. b3 Ba6 12. Kh1 Bxd3 13. cxd3 0-0 14. Bd2 Ba3 15. g4 Rfd8 16. e5 Nd7 17. Rae1 Re8 18. g5 Bf8 19. Qh5 g6 20. Qh4 Bg7 21. Rf3 Qb7 22. Rh3 Nf8 23. Be3 d4 24. Ne4 f5 25. Nd6 Qb4 26. Bc1 Red8 27. Nc4 a4 28. Ba3 Qb7 29. Kg1 axb3 30. axb3 Rd5 31. Rb1 Rd7 32. Qe1 Rdd8 33. Bd6 Nd7 34. Na5 Qb5 35. b4 c5 36. Nc4 cxb4 37. Qh4 Qc6 38. Qxh7+ Kf7 39. Rh6 Nf8 40. Bxf8 Kxf8 41. Rxg6 Rd7 42. Nd6 Ra2 43. Qh3 Rxd6 44. exd6 Kf7 45. d7 Qxd7 46. Qh7 Kf8 47. Rf6+ 1-0

[Event "Kronach Oberfranken Cup"]
[Site "Kronach"]
[Date "2022.07.02"]
[Round "2"]
[White "Hartleb, Christopher"]
[Black "Sabol, Goran"]
[Result "1-0"]
[WhiteElo "2072"]
[BlackElo "1698"]
[PlyCount "107"]
[EventDate "2022.07.01"]
[EventType "swiss"]
[EventRounds "5"]
[EventCountry "GER"]
[SourceTitle "EXT 2023"]
[Source "ChessBase"]
[SourceDate "2022.10.05"]
[SourceVersion "1"]
[SourceVersionDate "2022.10.05"]
[SourceQuality "1"]

1. e4 c5 2. Nf3 e6 3. d4 cxd4 4. Nxd4 Nc6 5. c4 Qc7 6. Nc3 a6 7. Be2 Nf6 8. 0-0 Be7 9. Nxc6 dxc6 10. Be3 0-0 11. f4 Nd7 12. Bf3 Rd8 13. Qe2 b5 14. e5 Rb8 15. Rac1 bxc4 16. Na4 a5 17. Qxc4 Rb4 18. Qxc6 Qxc6 19. Bxc6 Nb8 20. b3 Nxc6 21. Rxc6 Bd7 22. Rc7 Bxa4 23. Rxe7 Bc6 24. Rc1 Be4 25. Rd7 Rbb8 26. Rxd8+ Rxd8 27. Bb6 Ra8 28. Bxa5 f6 29. Rc5 fxe5 30. fxe5 Bd5 31. Kf2 Kf7 32. g3 Kg6 33. Ke3 Kf5 34. Kd4 h5 35. b4 Bxa2 36. Rc2 Bd5 37. Rf2+ Kg5 38. Rf7 g6 39. Kc5 h4 40. gxh4+ Kxh4 41. Bc7 Kh3 42. Rh7+ Kg4 43. b5 Ra2 44. Bd8 Kf5 45. Kd6 Ra8 46. Rf7+ Kg4 47. Bc7 Rh8 48. Rf6 Rxh2 49. Rxg6+ Kf5 50. Rf6+ Ke4 51. b6 Rc2 52. Kd7 Kd4 53. Rxe6 Bb7 54. Rd6+ 1-0

[Event "Oberfranken-ch"]
[Site "Schney"]
[Date "2020.01.05"]
[Round "5"]
[White "Bauschke, Norman"]
[Black "Sabol, Goran"]
[Result "0-1"]
[WhiteElo "1613"]
[BlackElo "1801"]
[PlyCount "88"]
[EventDate "2020.01.03"]
[EventType "swiss"]
[EventRounds "7"]
[EventCountry "GER"]
[SourceTitle "CBM 194 Extra"]
[Source "ChessBase"]
[SourceDate "2020.03.31"]
[SourceVersion "1"]
[SourceVersionDate "2020.03.31"]
[SourceQuality "1"]

1. d4 Nf6 2. c4 g6 3. Nc3 Bg7 4. Nf3 d6 5. g3 0-0 6. Bg2 c6 7. 0-0 Nbd7 8. Re1 e5 9. Qc2 Re8 10. e4 Qb6 11. Be3 Ng4 12. Na4 Nxe3 13. Rxe3 Qa5 14. d5 cxd5 15. cxd5 b5 16. Nc3 Bb7 17. Nxb5 Qxb5 18. Rb3 Qc5 19. Rc3 Qa5 20. Ra3 Qd8 21. Rc3 Rc8 22. Nd2 Nb6 23. Bh3 Rxc3 24. Qxc3 Bc8 25. Bf1 Bh6 26. Nb3 Bd7 27. Ba6 Na4 28. Qb4 Qb6 29. Qxb6 axb6 30. Rb1 Ra8 31. Bd3 Nc5 32. Nxc5 bxc5 33. a3 Rb8 34. b4 cxb4 35. axb4 Bb5 36. Bxb5 Rxb5 37. Rb2 Bc1 38. Rc2 Ba3 39. Rc6 Bxb4 40. f4 exf4 41. Rc8+ Kg7 42. gxf4 Bd2 43. Rc4 Bxf4 44. h3 Rb2 0-1

[Event "Oberfranken-ch"]
[Site "Schney"]
[Date "2020.01.04"]
[Round "4"]
[White "Sabol, Goran"]
[Black "Jacob, Karl Heinz"]
[Result "1/2-1/2"]
[WhiteElo "1801"]
[BlackElo "1663"]
[PlyCount "32"]
[EventDate "2020.01.03"]
[EventType "swiss"]
[EventRounds "7"]
[EventCountry "GER"]
[SourceTitle "CBM 194 Extra"]
[Source "ChessBase"]
[SourceDate "2020.03.31"]
[SourceVersion "1"]
[SourceVersionDate "2020.03.31"]
[SourceQuality "1"]

1. d4 f5 2. Nc3 Nf6 3. Bg5 e6 4. e4 fxe4 5. Nxe4 Be7 6. Bxf6 Bxf6 7. Qh5+ g6 8. Nxf6+ Qxf6 9. Qe5 0-0 10. Qxf6 Rxf6 11. Nh3 b6 12. Bc4 Bb7 13. f3 Nc6 14. c3 Ne7 15. 0-0 Kg7 16. Nf2 Bd5 1/2-1/2

[Event "Hessen-chA"]
[Site "Frankfurt"]
[Date "2019.05.31"]
[Round "3"]
[White "Sabol, Goran"]
[Black "Sever, Mustafa Batuhan"]
[Result "0-1"]
[WhiteElo "1867"]
[BlackElo "2068"]
[PlyCount "50"]
[EventDate "2019.05.30"]
[EventType "swiss"]
[EventRounds "7"]
[EventCountry "GER"]
[SourceTitle "EXT 2020"]
[Source "ChessBase"]
[SourceDate "2019.10.17"]
[SourceVersion "1"]
[SourceVersionDate "2019.10.17"]
[SourceQuality "1"]

1. d4 f5 2. g3 Nf6 3. Bg2 g6 4. c4 Bg7 5. Nc3 0-0 6. e3 d6 7. Nf3 c6 8. 0-0 Na6 9. Rb1 Nc7 10. b4 e5 11. dxe5 dxe5 12. Qxd8 Rxd8 13. Nxe5 Ne4 14. Nxe4 fxe4 15. Bb2 Re8 16. f4 exf3 17. Nxf3 Bf5 18. Bxg7 Bxb1 19. Be5 Bd3 20. Rd1 Be2 21. Rd7 Bxf3 22. Rg7+ Kf8 23. Rxc7 Rxe5 24. Bxf3 Rxe3 25. Rxh7 Kg8 0-1

[Event "Kozje op 2nd"]
[Site "Kozje"]
[Date "2015.09.13"]
[Round "4"]
[White "Jelen, Miha"]
[Black "Sabol, Goran"]
[Result "1/2-1/2"]
[WhiteElo "1748"]
[BlackElo "1963"]
[PlyCount "63"]
[EventDate "2015.09.11"]
[EventType "swiss"]
[EventRounds "5"]
[EventCountry "SLO"]
[SourceTitle "EXT 2016"]
[Source "ChessBase"]
[SourceDate "2015.10.08"]
[SourceVersion "1"]
[SourceVersionDate "2015.10.08"]
[SourceQuality "1"]

1. e4 d6 2. d4 Nf6 3. Nc3 g6 4. f4 Bg7 5. Nf3 c5 6. dxc5 Qa5 7. Bd3 Qxc5 8. Qe2 a6 9. Be3 Qa5 10. 0-0 Nc6 11. a3 Bg4 12. h3 Bxf3 13. Qxf3 0-0 14. Ne2 e5 15. f5 d5 16. fxg6 fxg6 17. b4 Qd8 18. Bc5 Ne7 19. Qe3 d4 20. Bc4+ Kh8 21. Qg5 b6 22. Bxe7 Qxe7 23. Bd3 b5 24. Rf3 Nd5 25. Qxe7 Nxe7 26. Nc1 Rxf3 27. gxf3 Nc6 28. Nb3 Bf8 29. Kf2 Kg7 30. Ke2 Bd6 31. Kd2 Rf8 32. Ke2 1/2-1/2

[Event "Kozje op 2nd"]
[Site "Kozje"]
[Date "2015.09.13"]
[Round "5"]
[White "Sabol, Goran"]
[Black "Savli, Marko"]
[Result "0-1"]
[WhiteElo "1963"]
[BlackElo "1664"]
[PlyCount "60"]
[EventDate "2015.09.11"]
[EventType "swiss"]
[EventRounds "5"]
[EventCountry "SLO"]
[SourceTitle "EXT 2016"]
[Source "ChessBase"]
[SourceDate "2015.10.08"]
[SourceVersion "1"]
[SourceVersionDate "2015.10.08"]
[SourceQuality "1"]

1. d4 Nf6 2. c4 e6 3. Nc3 Bb4 4. a3 Bxc3+ 5. bxc3 d6 6. Nf3 Qe7 7. Bg5 Nbd7 8. e4 e5 9. Bd3 h6 10. Bxf6 Nxf6 11. Nd2 0-0 12. 0-0 Bg4 13. Be2 Bxe2 14. Qxe2 Rfe8 15. Rfe1 Rad8 16. f3 Nh5 17. g3 Qg5 18. Nf1 Nf4 19. Qe3 Nh3+ 20. Kh1 Qh5 21. d5 Rf8 22. Qe2 f5 23. Ne3 fxe4 24. fxe4 Nf2+ 25. Kg1 Qxe2 26. Rxe2 Nxe4 27. Nd1 Nc5 28. Nf2 Rf3 29. Rc1 Rdf8 30. Kg2 Rxf2+ 0-1